000 00642nam a22001697a 4500
003 PILC
005 20150601150606.0
008 150601b xxu||||| |||| 00| 0 eng d
050 _aLB 1573.7
_b.G662 2014
100 _aGordon, Deborah.
245 _aReading and vocabulary focus 2 /
_cDeborah Gordon, Laurie Blass ; series consultant Lawrence J. Zwier.
260 _aBoston :
_bNational Geographic Learning,
_c2014.
300 _axiii, 192 pages :
_billustrations (chiefly color) ;
_c27 cm.
500 _aIncludes bibliographical references and index.
650 _aReading comprehension
_xProblems, exercises, etc.
942 _2lcc
_cBK
_kFOR
999 _c284561
_d284561